Statistics for FACTS ABOUT JAMAICA

Click here to take the quiz!

General Stats

  • This quiz has been taken 98 times
  • The average score is 7 of 12

Answer Stats

HintAnswer% Correct
Flag ColoursBlack, Gold, Green
99%
Most Famous Reggae ArtisteBob Marley
93%
CapitalKingston
91%
World's Fastest ManUsain Bolt
91%
Year of Independence1962
60%
Major ReligionChristianity
59%
National FoodAckee and Saltfish
48%
Prime MinisterAndrew Holness
40%
'Worl Boss'Vybz Kartel
35%
First InhabitanceTainos
27%
Former ColonizerBritain
21%
National Flower (jokingly)Dumpling
5%

Score Distribution

Percentile by Number Answered

Percent of People with Each Score

Your Score History

You have not taken this quiz